Electronic devices and circuit theory / (Record no. 139780)
[ view plain ]
| 000 -LEADER | |
|---|---|
| fixed length control field | 00597nam a22002057a 4500 |
| 005 - DATE AND TIME OF LATEST TRANSACTION | |
| control field | 20170512134710.0 |
| 010 ## - LCCN (DPL NO) | |
| LC control number | B-280429 |
| 020 ## - INTERNATIONAL STANDARD BOOK NUMBER | |
| International Standard Book Number | 9788131703143 |
| 035 ## - SYSTEM CONTROL NUMBER | |
| System control number | B-280429 |
| 037 ## - SOURCE OF ACQUISITION | |
| Source of stock number/acquisition | Dpl/CL |
| 082 ## - DEWEY DECIMAL CLASSIFICATION NUMBER | |
| Classification number | 621.3819 |
| 100 ## - MAIN ENTRY--PERSONAL NAME | |
| Personal name | Boylestad, Robert L. |
| 245 ## - TITLE STATEMENT | |
| Title | Electronic devices and circuit theory / |
| Statement of responsibility, etc | by Robert L. Boylestad [and] Louis Nashelsky |
| 250 ## - EDITION STATEMENT | |
| Edition statement | 9th ed |
| 260 ## - PUBLICATION, DISTRIBUTION, ETC. (IMPRINT) | |
| Place of publication, distribution, etc | New Delhi |
| Name of publisher, distributor, etc | Pearson Education |
| Date of publication, distribution, etc | 2007 |
| 300 ## - PHYSICAL DESCRIPTION | |
| Extent | xvi,910p. |
| Dimensions | 27cm(pbk) |
| Accompanying material | 1CD-ROM |
| 500 ## - GENERAL NOTE | |
| General note | Includes index |
| 700 ## - ADDED ENTRY--PERSONAL NAME | |
| Personal name | Nashelsky,Louis |
| 942 ## - ADDED ENTRY ELEMENTS (KOHA) | |
| Source of classification or shelving scheme | Dewey Decimal Classification |
| Item type | English Books |
| Classification part | 621.3819 |
| Call number suffix | BOY |
| Withdrawn status | Lost status | Not for loan | Collection code | Home library | Current library | Date acquired | Full call number | Barcode | Copy number | Koha item type | Public note |
|---|---|---|---|---|---|---|---|---|---|---|---|
| Written off | Non-fiction | Central Library | Central Library | 12/05/2017 | 621.3819 BOY | B-280429 | 1 | English Books | W/d List No. 3393/18:Dtd 03/04/21 |
